Guia de l'usuari : Centres Residencials per a la gent gran : Recinte Llars Mundet Centres Residencials per a la gent gran :
Publicado:
Barcelona :
Diputació de Barcelona. Àrea de Serveis Socials. Gerència de Centres d'Atenció Social, [1998 ?]
Descripción Física:
[12] p. : fot. ; 21 cm
MARC
| LEADER | 00000nam a2200000Ia 4500 | ||
|---|---|---|---|
| 001 | 18817 | ||
| 003 | BGR | ||
| 005 | 20260324180025.0 | ||
| 008 | 160829s9999 xx 000 0 cat d | ||
| 080 | |a FU-51-41 | ||
| 245 | |a Guia de l'usuari : |b Centres Residencials per a la gent gran : |b Recinte Llars Mundet | ||
| 260 | |a Barcelona : |b Diputació de Barcelona. Àrea de Serveis Socials. Gerència de Centres d'Atenció Social, [1998 ?] | ||
| 300 | |a [12] p. : |b fot. ; |c 21 cm | ||
| 650 | |a Centre residencial per a la gent gran Llars Mundet |x Guies |9 44120 | ||
| 710 | 1 | |a Barcelona (Catalunya : Província). |b Diputació |b Àrea de Benestar Social |9 52988 | |
| 710 | 1 | |a Barcelona (Catalunya : Província). |b Diputació |9 52408 | |
| 710 | |a Llars Mundet |9 3004 | ||
| 901 | |a Arxiu | ||
| 942 | |n 1 |2 udc |c MON | ||
| 952 | |0 0 |1 0 |4 0 |6 FU5141 |7 1 |9 51805 |a Arxiu |b Arxiu |d 2016-12-01 |l 0 |o FU-51-41 |p 18817 |r 2016-12-01 00:00:00 |w 2016-12-01 |y ARXIU | ||
| 999 | |c 55651 |d 55651 | ||